• 首页
  • 本馆介绍
  • 公告通知
  • 最新文献
  • 馆藏检索
  • 电子资源
  • 读者导购
  • 参考咨询
  • 我的图书馆
  • 登录
  • 详细信息显示
  • 放入我的书架
  • 预约/预借图书
  • 作者相关作品
  • 分类相关作品
  • 丛书相关作品
  • 出版社相关作品

书目信息

  • 表格格式
  • 工作单格式
  • 卡片格式
题名:
房地产法
    
 
作者: 符启林 著
分册:  
出版信息: 北京   法律出版社  2009
页数: 388页
开本: 23cm
丛书名:
单 册:
中图分类: D922.181.1
科图分类:
主题词: 房地产--Fang Di Chan--法律--中国--高等学校--教材
电子资源:
ISBN: 978-7-5036-9229-1
000 00965nam0 22002771 450
001 349450
005 20161008165447.60
010    @a978-7-5036-9229-1@dCNY34.00
100    @a20090227d2009 em y0chiy50 ea
101 0  @achi
102    @aCN@b110000
105    @ay z 000yy
106    @ar
200 1  @a房地产法@AFang Di Chan Fa@dReal estate law@f符启林著@zeng
205    @a4版
210    @a北京@c法律出版社@d2009
215    @a388页@d23cm
300    @a普通高等教育国家级规划教材系列 “九五”规划高等学校法学教材
330    @a本书分为八章,主要内容包括房地产法概述、房地产权属法律制度、房地产开发法律制度、房地产税费法律制度、物业管理法律制度、住房保障法律制度等。
500 10 @a房地产法@n(符启林著)
510 1  @aReal estate law@zeng
606 0  @a房地产@AFang Di Chan@x法律@y中国@x高等学校@j教材
690    @aD922.181.1@v5
701  0 @a符启林@AFu Qi Lin@f(1954.7~)@4著
801  0 @aCN@bTANGWEI@20160730
905    @b0885075-9@dD922.181.1@e1302=4@f5
    
    房地产法=Real estate law/符启林著.-4版.-北京:法律出版社,2009
    388页;23cm
    普通高等教育国家级规划教材系列 “九五”规划高等学校法学教材
    
    ISBN 978-7-5036-9229-1:CNY34.00
    本书分为八章,主要内容包括房地产法概述、房地产权属法律制度、房地产开发法律制度、房地产税费法律制度、物业管理法律制度、住房保障法律制度等。
●
相关链接 在E读中查询图书 在五车中查询图书 在当当中查询图书 在豆瓣中查询图书


正题名:房地产法     索取号:D922.181.1/1302=4         预约/预借

序号 登录号 条形码 馆藏地/架位号 状态 备注
1 0885075   208850750   第一样本阅览室/ [索取号:D922.181.1/1302=4] 在馆    
2 0885076   208850769   第一借阅区/ [索取号:D922.181.1/1302=4] 在馆    
3 0885077   208850778   第一借阅区/ [索取号:D922.181.1/1302=4] 在馆    
4 0885078   208850787   第一借阅区/ [索取号:D922.181.1/1302=4] 在馆    
5 0885079   208850796   史法系资料室/ [索取号:D922.181.1/1302=4] 在馆    
唐山师范学院图书馆 欢迎您!
大连网信软件有限公司© 版权所有